| 000 | 00440nam a22001697a 4500 | ||
|---|---|---|---|
| 003 | SISC | ||
| 005 | 20160216154438.0 | ||
| 008 | 131001t xxu||||| |||| 00| 0 eng d | ||
| 020 | _a0863074162 | ||
| 050 |
_aQM 25 _b.AT881 1994 |
||
| 082 |
_aHS 611.001 _b.A65 1994 |
||
| 245 | _aAtlas of Anatomy | ||
| 260 |
_aLondon : _bMarshall Cavendish Books, _cc1994. |
||
| 300 |
_a156 p. : _bcol. ill. ; _c28.6 cm. |
||
| 942 |
_2lcc _cBK |
||
| 999 |
_c12488 _d12488 |
||